000 00640nam a2200217 i 4500
001 28682
003 ES-MaACL
005 20251120063126.0
007 t|
008 030117s1847 sp ||||1| spa d
080 _a929 Pío IX, Papa
100 1 _aBalmes, Jaime,
_d1810-1848
_925096
245 1 0 _aPío IX /
_cpor Jaime Balmes.
260 _aMadrid :
_b[s.n.],
_c1847 (
_fImp. Eusebio Aguado)
300 _a93 p. ;
_c22 cm.
600 0 4 _aPío
_bIX
_cPapa, Beato.
_9137971
852 4 _aES-MaACL
_jF-2795
852 4 _aES-MaACL
_jT-35-F-15
856 4 _uhttp://roderic.uv.es/uv_im_b17068927
_zRODERIC
999 _c28682
_d28682